| 000 | 01018pam a2200301 a 4500 | ||
|---|---|---|---|
| 999 |
_c16230 _d16230 |
||
| 001 | 1090200 | ||
| 005 | 20161109101654.0 | ||
| 008 | 920731s1993 moua 001 0 eng c | ||
| 010 | _a 92049975 | ||
| 020 | _a0801620961 | ||
| 040 |
_aDNLM/DLC _cDLC _dDLC |
||
| 050 | 0 | 0 | _aRC802 .D7 1993 |
| 060 | _aWY 156.5 D732g | ||
| 082 | 0 | 0 |
_a616.3/3/0024613 _220 |
| 100 | 1 | _aDoughty, Dorothy Beckley. | |
| 245 | 1 | 0 |
_aGastrointestinal disorders / _cDorothy B. Doughty, Debra Broadwell Jackson. |
| 260 |
_aSt. Louis : _bMosby, _cc1993. |
||
| 300 |
_ax, 358 p. : _bill. (some col.) ; _c29 cm. |
||
| 440 | 0 | _aMosby's clinical nursing series | |
| 500 | _aIncludes index. | ||
| 650 | 0 |
_aGastrointestinal system _xDiseases _xNursing. |
|
| 650 | 2 |
_aGastrointestinal Diseases _xnursing. |
|
| 650 | 2 |
_aNursing Care _xnursing. |
|
| 700 | 1 |
_aJackson, Debra Broadwell, _d1949- |
|
| 906 |
_a7 _bcbc _corignew _d1 _eocip _f19 _gy-gencatlg |
||
| 942 |
_2lcc _cBOOKS _hRC802 .D7 1993 |
||